000 00894cam a2200265 4500
001 18362
003 BD-RjUL
005 20211209000256.0
008 140220s19661952enk 000 0 eng
035 _a(BD-RjUL)18420
040 _aDLC
_cDLC
_dDLC
_beng
041 _aeng
082 _a822.33
_bTHS 1966
100 1 _aThomson, J. A. K.
_q(James Alexander Kerr),
_d1879-1959.
_955976
245 1 0 _aShakespeare and the classics /
_cJ. A. K Thomson
260 _aLondon ;
_bAllen & Unwin,
_c[c1952] reprinting 1966
300 _a254 p. ;
_c22 cm.
600 1 0 _aShakespeare, William,
_d1564-1616
_xKnowledge
_xLiterature.
_956547
650 0 _aComparative literature
_xClassical and English.
_955978
650 0 _aComparative literature
_xEnglish and classical.
_955977
650 0 _aEnglish drama
_xClassical influences.
_956546
942 _2ddc
_cBK
999 _c18362
_d18362